Impact of Global Trends on Hotel Business in Bratislava City

Globálne trendy v hotelovom priemysle v roku 2014. Aktuálna výkonnosť ubytovacích zariadení v Bratislave a v slovenských regiónoch. Hodnotenie luxusných bratislavských hotelov podľa zákazníkov internetových cestovateľských portálov.

Gespeichert in:
Bibliographische Detailangaben
1. Verfasser: Veszprémi Sirotková, Anna, 1966-
Format: Buchkapitel
Sprache:Englisch
Schlagworte:
Tags: Tag hinzufügen
Keine Tags, Fügen Sie das erste Tag hinzu!

MARC

LEADER 00000naa$a2200000$$$4500
001 0196165
005 20240502073316.3
041 0 |a eng 
044 |a SK 
245 1 0 |a Impact of Global Trends on Hotel Business in Bratislava City  |c Anna Veszprémi Sirotková 
520 |a Globálne trendy v hotelovom priemysle v roku 2014. Aktuálna výkonnosť ubytovacích zariadení v Bratislave a v slovenských regiónoch. Hodnotenie luxusných bratislavských hotelov podľa zákazníkov internetových cestovateľských portálov. 
610 2 0 |a hotelierstvo 
610 2 0 |a technológia 
610 2 0 |a marketing 
100 1 |a Veszprémi Sirotková, Anna, 1966-